00603nam a22001817a 4500003000500000005001700005008004100022010001000063011001000073035001000083040000900093100004200102245009700144260003800241300002200279502009500301650002500396CHAP20220329135235.0971013s1972 r 00010 d a33154 a34126 a38242 cCHAP00aElizondo Vázquez, Carlos Alejandro. aTitulación de becerros, de la dosis infectante de Anaplasma marginale, aislado en Veracruz aMéxico, D.F. :bEl autor,c1972 a44 p.b: gráfs. aTesis (Médico Veterinario Zootecnista) -- UANM. Fac. de Medicina Veterinaria y Zootecnia14aAnaplasma marginale.